000 00309nam a22001337a 4500
008 170928b xxu||||| |||| 00| 0 eng d
020 _a9780138140823
041 _aeng
080 _27 ED
_a37
100 _a47
101 _aEDU
245 _aGREATING LITERACY INSTRUCTOR
_cGUNNING.TH.G
942 _2udc
_cBK
999 _c30413
_d30413